Bevölkerungsreichste Städte um Koblenz - Statistiken

Allgemein
  • Dieses Quiz wurde 183 mal gespielt
  • Das Durchschnittsergebnis liegt bei 6 aus 10
Antwortstatistiken
Einwohner (2021) Ort/Stadt % Korrekt
65.137 Neuwied
93%
30.126 Andernach
88%
19.335 Mayen
74%
18.111 Lahnstein
63%
16.962 Bendorf
58%
15.403 Boppard
56%
14.391 Montabaur
51%
17.456 Remagen
38%
17.414 Sinzig
33%
26.550 Bad Neuenahr-Ahrweiler
21%
Keine übereinstimmenden Quizze gefunden
Verteilung der Resultate
Anzahl Personen mit jedem Resultat
Perzentil nach korrekt beantworteten Fragen
Ihre Resultats-Entwicklung
Sie haben dieses Quiz noch nicht gespielt